MARC

LEADER 00000nam0a2200000 4500
001 266370
005 20231101234008.0
020 |a RU  |b 86-57569 
035 |a (RuTPU)RU\TPU\book\289389 
090 |a 266370 
100 |a 20140708d1986 k a0rusy5003 ca 
101 0 |a rus 
102 |a UA 
105 |a a z 001zy 
200 1 |a Системы извлечения тепла земной коры и методы их расчета  |f А. Н. Щербань [и др.]  |g Академия наук Украинской ССР (АН УССР), Институт технической теплофизики (ИТТФ) 
210 |a Киев  |c Наукова думка  |d 1986 
215 |a 235 с.  |c ил. 
320 |a Библиогр.: с. 230-236 (125 назв.) 
606 1 |a Геотермика  |x (геофизика)  |2 stltpush  |3 (RuTPU)RU\TPU\subj\6236  |9 34168 
610 1 |a земная кора 
610 1 |a расчет 
610 1 |a тепло 
610 1 |a тепловая энергия 
610 1 |a тепловые процессы 
610 1 |a геотермальные скважины 
610 1 |a фильтрация 
610 1 |a тепломассоперенос 
610 1 |a электромоделирование 
610 1 |a теплоносители 
610 1 |a технико-экономические показатели 
675 |a 550.36  |z rus  |v 4 
701 1 |a Щербань  |b А. Н.  |g Александр Назарович 
701 1 |a Цырульников  |b А. С.  |g Анатолий Семенович 
701 1 |a Мерзляков  |b Э. И.  |g Эдуард Исаакович 
701 1 |a Рыженко  |b И. А.  |g Иван Афанасьевич 
712 0 2 |a Академия наук Украинской ССР (АН УССР)  |b Институт технической теплофизики (ИТТФ)  |c (Киев)  |2 stltpush  |3 (RuTPU)RU\TPU\col\1122 
801 0 |a RU  |b RuMRKP  |c 19950704  |g psbo 
801 1 |a RU  |b 63413507  |c 20140708 
801 2 |a RU  |b 63413507  |c 20170216  |g RCR 
942 |c BK